000 01253nam a2200349 a 4500
001 000109377
003 CHAP
005 20260414142839.0
008 140423s2013 mx a sm |||||||spa d
010 _a105839
011 _a106811
040 _cCHAP
090 _aTesis
100 1 _aFeria García, Liseth
_9126556
245 1 0 _aControl de mosca blanca (bemisia tabaci Genn.) con L'ECOMIX (Allium sativum + Capsicum sp.) en el cultivo de tomate en Totolapan, Morelos
_h[En línea]
_cpor Liseth Feria García.
260 _aChapingo, Méx. :
_bEl autor,
_c2013.
500 _aPara ver el contenido del material haga clic en la liga
502 _aTesis (Ing. Agr. Esp. en Parasitología Agrícola) -- UACH. Departamento de Parasitología Agrícola
590 _aBATCH-UPD
_b05
_c20141002
590 _aE5995AHE
_b05
_c20140423
590 _aE5995AHE
_b05
_c20140423
590 _aE5995AHE
_b05
_c20140424
590 _aE5995AHE
_b05
_c20140424
590 _aE5995AHE
_b05
_c20140424
650 1 4 _aBemisia tabaci.
_911496
650 1 4 _aTomate
_xPlagas.
_9113748
650 1 4 _aAjo como fungicida
_93221
856 _aFinding aid
_uhttp://10.13.5.2/tesis/sist109377.pdf
_zTeclea aquí
901 _aBK
942 _cTESIS
_2ddc
942 _n0
_2ddc
999 _c105839
_d105839